000
00208nam a2200085Ia 4500
008
220204s9999 xx 000 0 und d
082
_a
354
_b
CIV
245
0
_a
Contributory provident fund rules, 1962
942
_c
BK
999
_c
19756
_d
19756